000 00342nam a2200145Ia 4500
008 150201s1985 xx 000 0 und d
082 _a610
_bM1985S
100 _aSEARS, W GORDAN
245 _aMEDICINE FOR NURSES
250 _a13TH
260 _bARNOLD PUBLICATION
_aDELHI
_c1985
300 _a1-600
650 _aMEDICINE
942 _2ddc
_cBK
999 _c4078
_d4078